Ведомости, получаемые из Владимирского приказа общественного призрения, о делах Владимирской губернии за январскую 1799 года тре...

Доступно только в Электронных читальных залах Найти на картеНа карте
RUSMARC
00004789nmc2a22002773x 450
001f33ace05-6af4-4d2f-af32-76f219ca342b
00520241017105630.0
100##$a20240624l17991799k l0rusy0189 ca
1010#$arus
102##$aRU
105##$ay###
1222#$ad
2001#$aВедомости, получаемые из Владимирского приказа общественного призрения, о делах Владимирской губернии за январскую 1799 года треть
$j27 мая - 7 июня 1799 г.
215##$a5 л.
$d36,5х26 см
251##$cДело
300##$aАндрей Кузьмич Караваев; секретарь; коллежский регистратор Василий Воробьев
300##$aНа обложке указано: "Приобщить к прочим"
300##$aОриг. заголовок дела: Дело в Главное училищ правительство из Владимирского приказа общественного призрения. По содержанию высочайше изданного о народных училищах устава, 104 статьи сочиненная за прошедшую январскую этого 1799 года треть о вступивших входящих и исходящих делах, касающихся существующих в этой губернии Главного и малых народных училищ, ведомость представляется у этого. 27 мая 1799 г. - 7 июня 1799 г
371##$aДокумент не является опубликованным и широко распространяемым
461#0$100174716ac7-ef0a-4ce9-889f-df06b5c6e13c
$12001
$aКомиссия об учреждении народных училищ
$1251
$cФонд
$1852
$j730
462#0$1001e6616291-8022-4671-9001-59f853d67170
$12001
$aЖурналы заседаний и определения Комиссии; ведомости приказов общественного призрения о состоянии и бюджете училищ, учителях, успехах учеников
$1251
$cОпись
$1852
$j2
5171#$aДело в Главное училищ правительство из Владимирского приказа общественного призрения. По содержанию высочайше изданного о народных училищах устава, 104 статьи сочиненная за прошедшую январскую этого 1799 года треть о вступивших входящих и исходящих делах, касающихся существующих в этой губернии Главного и малых народных училищ, ведомость представляется у этого. 27 мая 1799 г. - 7 июня 1799 г
801#0$aRU
$bРГИА
$c20240624
$gRCR
801#1$aRU
$bГлавНИВЦ
$c20240624
$2rusmarc
801#2$aRU
$bПБ им. Б.Н. Ельцина
$c20241017
$gRCR
$2rusmarc
850##$aРГИА
852##$aРГИА
$eФедеральное казенное учреждение "Российский государственный исторический архив" (РГИА)
$j835
937##$hРГИА
$d12412981
$aASBIBLIO_SCAN
035##$aRusGRCC00077980
856##$uhttp://readingroom.main.prlib.ru/item.aspx?id_node=n194361816&mode=full
Формат отображения